000 02379nas1a22003011i 4500
001 RU\NLR\INFOCOMM18\1000058065
005 20240726091958.0
035 _a(NLR Aleph) 002646004
090 _a3827663
_c3827663
100 _a20040113b19161919|||y0rusy50 ca
101 0 _arus
102 _aRU
110 _azyu||||0|y0
200 1 _aВестник прикладной химии и химической технологии
_eЖурнал Политехн. о-ва, состоящего при Моск. высш. техн. училище, Моск. о-ва рижских политехников и О-ва технологов в Петрограде
210 _aМ.
_cПолитехн. о-во
_d1916-1919
421 1 _12001#$aСведения о работах Московской подготовительной комиссии по вопросам химической промышленности при Химическом комитете Главного артиллерийского управления
_1210##$aМ.$d1917
_1300##$aПрил. 1-е к журн. ...
_tСведения о работах Московской подготовительной комиссии по вопросам химической промышленности при Химическом комитете Главного артиллерийского управления
712 0 2 _aПолитехническое общество
_cМосква
_4570
801 1 _aRU
_bInfoComm
_c20040113
801 0 _aRU
_bNLR
_gPSBO
852 _aNLR
_jП8/139
942 _cSE
980 _aRUSPER